000 01962cam a2200145 4500500
005 20260329023152.0
041 _afre
042 _adc
100 1 0 _aToczek, Marie-Christine
_eauthor
700 1 0 _aFoulin, Jean-Noël
_eauthor
245 0 0 _aPsychologie de l'enseignement
260 _bArmand Colin,
_c2006.
520 _aPsychologie de l’enseignement constitue une introduction à la connaissance des apprentissages scolaires.Son originalité est de réunir des informations scientifiques et pratiques sur les mécanismes cognitifs d’apprentissage (connaissances, stratégies, lecture, compréhension, etc.) et sur les situations d’enseignement-apprentissage (classe, groupes d’apprentissage, motivation, différences, etc.). Les nombreux repères théoriques sont régulièrement rapprochés des questions concrètes liées à l’organisation, la conduite et l’analyse des situations scolaires.Outil de compréhension et d’enrichissement des pratiques d’enseignement, ce livre intéressera aussi bien les candidats aux concours d’enseignement que les professionnels de l’éducation et de la formation ou les parents d’élèves.Jean-Noël FOULIN est maître de conférences en psychologie à l’IUFM d’Aquitaine.Marie-Christine TOCZEK est maître de conférences en psychologie à l’IUFM d’Auvergne.Apprendre des connaissances : savoir et savoir-faire. Les connaissances déclaratives.Apprendre des savoir-faire. Les stratégies cognitives. Les métaconnaissances. Apprendre à lire et comprendre. Apprendre à identifier les mots. Apprendre à comprendre. La classe.  Une classe, un groupe avant tout !  Travailler en groupe… oui mais comment ? Enseigner, c’est influencer. Les élèves.  La motivation. Égalités, inégalités et différences. Des situations scolaires « à risques ».
856 4 1 _uhttps://shs.cairn.info/psychologie-de-l-enseignement--9782200341725?lang=fr&redirect-ssocas=7080
999 _c1925204
_d1925204